| 000 | 00504nam a22001577a 4500 | ||
|---|---|---|---|
| 999 |
_c534502 _d534502 |
||
| 020 | _qHard Cover. | ||
| 082 | _a620.5 | ||
| 100 | _aHassan, Yasir | ||
| 245 |
_aOptimized Degenerate Chemical Doping Toward P-WSe2 FET / _cYasir Hassan. |
||
| 260 |
_aIslamabad: _bSCME - NUST, _c2016. |
||
| 300 |
_a49 p. : _bill. ; _c30cm. |
||
| 942 |
_2ddc _cTHE |
||
| 650 |
_aNano Science Engineering MS-Thesis. _916381 |
||
| 700 |
_aDr. Iftikhar Hussain Gul _916197 |
||